00422nam a22001451a 4500020002100000040002600021050002000047245005300067260005500120300001200175500001500187600004200202600002900244852000300273 a0564026735c0.00 aNEGST Library - Kenya aBS 325.S99 1950 aKitabu cha agano jipya la Bwana na Mwokoh[Text] aIringa and NairobibBible Societies of Tanzac1950 a162 p.; a[Africana] aBible. N. T. Swahili language - Texts aSwahili Language - Texts